|
|
|
|
| LEADER |
00000nam2a2200000 4500 |
| 001 |
26220 |
| 005 |
20231101205723.0 |
| 010 |
|
|
|a 5020081035
|
| 035 |
|
|
|a (RuTPU)RU\TPU\book\26461
|
| 035 |
|
|
|a BOOK00026536
|
| 090 |
|
|
|a 26220
|
| 100 |
|
|
|a 20011209d1993 k y0rusy50 ca
|
| 101 |
0 |
|
|a rus
|
| 102 |
|
|
|a RU
|
| 105 |
|
|
|a y z 001zy
|
| 200 |
0 |
|
|a Вып. 1
|
| 210 |
|
|
|d 1993
|
| 215 |
|
|
|a 246 с.
|
| 320 |
|
|
|a Библиогр. в примеч. в конце статей.
|
| 461 |
|
1 |
|0 (RuTPU)RU\TPU\book\42556
|t Логические исследования
|l Logical investigations
|o [сборник]
|f Российская академия наук, Институт философии (ИФ РАН)
|v Вып. 1
|d 1993-
|
| 606 |
1 |
|
|a Логика
|2 stltpush
|3 (RuTPU)RU\TPU\subj\40551
|9 60396
|
| 610 |
1 |
|
|a исследования
|
| 610 |
1 |
|
|a классические исследования
|
| 610 |
1 |
|
|a формальные языки
|
| 610 |
1 |
|
|a логическое программирование
|
| 686 |
|
|
|a Ю4
|v LBC/SL-A
|2 rubbk
|
| 801 |
|
0 |
|a RU
|b 63413507
|c 20011209
|g PSBO
|
| 801 |
|
2 |
|a RU
|b 63413507
|c 20161110
|g PSBO
|
| 942 |
|
|
|c BK
|